Catalog

Record Details

Catalog Search



Fire ice  Cover Image Book Book

Fire ice / Clive Cussler with Paul Kemprecos.

Cussler, Clive, 1931-2020 (Author). Kemprecos, Paul. (Added Author).

Summary:

In the heart of the old Soviet Union, a mining tycoon has proclaimed himself czar of Russia. Claiming Romanov ancestry and backed by billions of dollars, he is determined to overthrow the already shaky Russian government-and U.S. opposition doesn't bother him one bit. A little crisis of their own should distract the Americans for a while, and he knows just the thing. Filled with all the hair-raising action and endless imagination that are Cussler's hallmarks, Fire Ice is a dazzling thriller from the grandmaster of adventure fiction.

Record details

  • ISBN: 9781101204429
  • ISBN: 1101204427
  • ISBN: 9781429527897
  • ISBN: 1429527897
  • ISBN: 9780399148729
  • ISBN: 0399148728
  • Physical Description: 434 pages ; 24 cm.
  • Publisher: New York : G.P. Putnam's Sons, ©2002.
Subject: Austin, Kurt (Fictitious character) > Fiction.
International relations > Fiction.
Conspiracies > Fiction.
Genre: Adventure stories.
Thrillers (Fiction)

Available copies

  • 2 of 2 copies available at scottsboropl.

Holds

  • 0 current holds with 2 total copies.
Show Only Available Copies
Location Call Number / Copy Notes Barcode Shelving Location Status Due Date
scottsboropl F Cus 32269000659907 Adult - Fiction Available -
scottsboropl F Cus 32269001137671 Storage - Adult Available -

LDR 01742cam a2200433 a 4500
001116288
003SBPL
00520220811211036.0
007ta
008020128s2002 nyu 000 1 eng
010 . ‡a 2002019050
020 . ‡a9781101204429
020 . ‡a1101204427
020 . ‡a9781429527897
020 . ‡a1429527897
020 . ‡a9780399148729
020 . ‡a0399148728
035 . ‡a(CONS)116288
035 . ‡a(CPomAG)LMN305594
05000. ‡aPS3553.U75 ‡bF57 2002
08200. ‡a813/.54 ‡221
1001 . ‡aCussler, Clive, ‡d1931-2020.
24510. ‡aFire ice / ‡cClive Cussler with Paul Kemprecos.
260 . ‡aNew York : ‡bG.P. Putnam's Sons, ‡c©2002.
300 . ‡a434 pages ; ‡c24 cm.
336 . ‡atext ‡btxt ‡2rdacontent
337 . ‡aunmediated ‡bn ‡2rdamedia
338 . ‡avolume ‡bnc ‡2rdacarrier
4901 . ‡aA NUMA files ; ‡v3
520 . ‡aIn the heart of the old Soviet Union, a mining tycoon has proclaimed himself czar of Russia. Claiming Romanov ancestry and backed by billions of dollars, he is determined to overthrow the already shaky Russian government-and U.S. opposition doesn't bother him one bit. A little crisis of their own should distract the Americans for a while, and he knows just the thing. Filled with all the hair-raising action and endless imagination that are Cussler's hallmarks, Fire Ice is a dazzling thriller from the grandmaster of adventure fiction.
60010. ‡aAustin, Kurt ‡c(Fictitious character) ‡vFiction.
650 0. ‡aInternational relations ‡vFiction.
650 0. ‡aConspiracies ‡vFiction.
655 0. ‡aAdventure stories.
655 7. ‡aThrillers (Fiction) ‡2lcgft
7001 . ‡aKemprecos, Paul.
77608. ‡iOnline version: ‡aCussler, Clive. ‡tFire ice. ‡dNew York : G.P. Putnam's Sons, ©2002 ‡w(OCoLC)606840938
830 0. ‡aCussler, Clive ‡tNUMA files ; ‡v3.
901 . ‡a116288 ‡bUnknown ‡c116288 ‡tbiblio

Additional Resources